[Event "FIDE Grand Swiss 2021"]
[Site "Riga"]
[Date "28.10.2021"]
[Round "2"]
[White "Kuybokarov, Temur"]
[Black "Paravyan, David"]
[Result "1-0"]
[WhiteElo "2549"]
[BlackElo "2642"]
[EventDate "2021"]

1. e4 e6 2. d4 d5 3. Nc3 Nf6 4. e5 Nfd7 5. f4 c5 6. Nf3 cxd4 7. Nxd4 Bc5 8.
Be3 O-O 9. Qd2 a6 10. a3 Nc6 11. Qf2 g5 12. g3 Bxd4 13. Bxd4 Nxd4 14. Qxd4
gxf4 15. gxf4 Qh4+ 16. Qf2 Qxf2+ 17. Kxf2 f6 18. Rg1+ Kh8 19. exf6 Nxf6 20.
Ke3 Bd7 21. Bd3 Rf7 22. Rg5 Raf8 23. Rag1 Ne8 24. Ne2 Nd6 25. Re5 Rf6 26.
Rh5 R6f7 27. Nd4 Nc4+ 28. Bxc4 dxc4 29. Nf3 Be8 30. Rh4 Rc7 31. Ne5 Rg7 32.
Rg3 b5 33. Rh6 Re7 34. c3 Rf5 35. Rg4 a5 36. Kd4 Rf8 37. Kc5 Rc7+ 38. Kd6
Rg7 39. Rxe6 Rxg4 40. Nxg4 Bg6 41. Nf6 Kg7 42. Ke5 b4 43. Re7+ Bf7 44. f5
Rb8 45. Nxh7 Rb5+ 46. Kf4 bxc3 47. bxc3 Kxh7 48. Rxf7+ Kh6 49. Rf6+ Kh5 50.
Rf8 Kh6 51. Rh8+ Kg7 52. Rc8 Rb2 53. Rxc4 Rxh2 54. Ke5 Re2+ 55. Re4 Rc2 56.
c4 a4 57. Kd6 Rc3 58. Ke7 1-0

[Event "FIDE Grand Swiss 2021"]
[Site "Riga"]
[Date "28.10.2021"]
[Round "2"]
[White "Sasikiran, Krishnan"]
[Black "Vokhidov, Shamsiddin"]
[Result "1-0"]
[WhiteElo "2640"]
[BlackElo "2521"]
[EventDate "2021"]

1. e4 e5 2. Nf3 Nc6 3. Bb5 a6 4. Ba4 Nf6 5. O-O Nxe4 6. d4 b5 7. Bb3 d5 8.
dxe5 Be6 9. c3 Bc5 10. Nbd2 O-O 11. Bc2 Nxf2 12. Rxf2 f6 13. Nf1 Bxf2+ 14.
Kxf2 fxe5 15. Kg1 Bg4 16. Ne3 Be6 17. Nf1 Bg4 18. Ne3 Be6 19. b4 d4 20. Qd3
g6 21. cxd4 Nxb4 22. Qc3 Rxf3 23. Qxb4 Rf4 24. Bb3 Qd7 25. Nc2 Rf7 26. Bh6
Bxb3 27. axb3 Rd8 28. d5 Qxd5 29. h3 Qd3 30. Ne3 Qd6 31. Qh4 Qd4 32. Qe1
Rd6 33. Kh2 Qe4 34. Qg3 Rd3 35. Rxa6 Rf4 36. Qg5 Qxe3 37. Re6 Qxh3+ 38.
gxh3 Rd2+ 39. Qg2 Rxg2+ 40. Kxg2 Kf7 41. Rc6 Rb4 42. Rxc7+ Kf6 43. Rc3 Kf5
44. Rf3+ Ke4 45. Kf2 Rd4 46. Ke2 Rd7 47. Re3+ Kf5 48. Rg3 Rd4 49. Rf3+ Ke4
50. Rc3 Kf5 51. Rg3 Re4+ 52. Be3 h6 53. Rg4 Rxg4 54. hxg4+ Kxg4 55. Bxh6 g5
56. Ke3 Kf5 57. Bf8 e4 58. Bh6 Kg6 59. Bxg5 1-0

[Event "FIDE Grand Swiss 2021"]
[Site "Riga"]
[Date "28.10.2021"]
[Round "2"]
[White "Matlakov, Maxim"]
[Black "Martirosyan, Haik M."]
[Result "1/2-1/2"]
[WhiteElo "2682"]
[BlackElo "2624"]
[EventDate "2021"]

1. d4 Nf6 2. c4 e6 3. Nf3 d5 4. Nc3 Be7 5. Bf4 O-O 6. e3 Nbd7 7. c5 c6 8.
b4 b6 9. h4 a5 10. a3 Ne4 11. Nxe4 dxe4 12. Ne5 Nxe5 13. Bxe5 f6 14. Bg3
Qd5 15. Be2 Ba6 16. O-O axb4 17. axb4 Bxe2 18. Qxe2 b5 19. Qb2 Kf7 20. Ra3
Ra4 21. Rxa4 bxa4 22. Ra1 Ra8 23. Qc2 a3 24. Bc7 f5 25. g3 h5 26. Qe2 g6
27. Ba5 Qb3 28. Qd2 g5 29. hxg5 Bxg5 30. Qa2 Qd3 31. Qb1 Qxb1+ 32. Rxb1 Be7
33. Ra1 e5 34. dxe5 Bxc5 35. Rxa3 Be7 36. Rc3 c5 37. Bb6 cxb4 38. Rc7 b3
39. Bd4 Rb8 1/2-1/2

[Event "FIDE Grand Swiss 2021"]
[Site "Riga"]
[Date "28.10.2021"]
[Round "2"]
[White "Onyshchuk, Volodymyr"]
[Black "Gelfand, Boris"]
[Result "1/2-1/2"]
[WhiteElo "2622"]
[BlackElo "2680"]
[EventDate "2021"]

1. e4 c5 2. Nf3 Nc6 3. Bb5 e6 4. Bxc6 bxc6 5. b3 f6 6. O-O Nh6 7. d4 Nf7 8.
c4 cxd4 9. Nxd4 c5 10. Ne2 Bb7 11. Nbc3 Be7 12. f4 O-O 13. f5 Bd6 14. Bf4
Be5 15. Bxe5 Nxe5 16. Qd6 Rc8 17. Rad1 Rc6 18. Qd2 Qe7 19. Nf4 Rb6 20. Qe3
Bc6 21. Rd2 a5 22. Rfd1 a4 23. fxe6 dxe6 24. Rd6 axb3 25. Qxc5 bxa2 26.
Rxc6 Qa7 27. Rxb6 a1=Q 28. Rxa1 Qxa1+ 29. Nb1 Nd7 30. Qd6 Nxb6 31. Qxe6+
Kh8 32. Qxb6 Qa2 33. Qb4 Qa7+ 34. Kf1 Rb8 35. Qe1 Qa2 36. Nc3 Qxc4+ 37.
Nfe2 Qd3 38. h3 f5 39. exf5 Qxf5+ 40. Kg1 Re8 41. Qg3 Qe5 42. Qxe5 Rxe5 43.
Kf2 g6 44. Nd4 Kg7 45. Kf3 Ra5 46. Ne4 Ra4 47. Ne6+ Kf7 48. N6g5+ Kg7 49.
Kf4 Ra2 50. g3 Ra5 51. Ne6+ Kf7 52. Nd4 Rd5 53. Ng5+ Kf6 54. Ngf3 g5+ 55.
Ke4 Ra5 56. Nc2 h5 57. Ne3 g4 58. hxg4 Ra4+ 59. Nd4 hxg4 60. Nxg4+ Kg5 61.
Ne3 Ra8 62. Nf3+ Kf6 63. Nd5+ Kg6 64. Ke5 Ra3 65. Nf4+ Kh6 66. Ke4 Ra8 67.
g4 1/2-1/2

[Event "FIDE Grand Swiss 2021"]
[Site "Riga"]
[Date "28.10.2021"]
[Round "2"]
[White "Mamedov, Rauf"]
[Black "Antipov, Mikhail Al."]
[Result "1-0"]
[WhiteElo "2673"]
[BlackElo "2619"]
[EventDate "2021"]

1. e4 e5 2. Nf3 Nc6 3. Bb5 Nf6 4. O-O Nxe4 5. Re1 Nd6 6. Bf1 Be7 7. Nc3 f6
8. d4 Nf7 9. Nd5 d6 10. Bc4 Qd7 11. b4 Bd8 12. b5 Na5 13. Bd3 O-O 14. c4
Re8 15. Qc2 f5 16. dxe5 dxe5 17. Bb2 c6 18. Nf4 cxb5 19. Rad1 Qc6 20. Nxe5
Nxe5 21. Rxe5 Rxe5 22. Bxe5 Bg5 23. Bxf5 Bxf5 24. Qxf5 Bxf4 25. cxb5 Qc4
26. Qxf4 Qe2 27. Rc1 Rd8 28. h3 Rd1+ 29. Rxd1 Qxd1+ 30. Kh2 Qd7 31. Bc3 b6
32. Qb8+ Kf7 33. a4 h6 34. f4 Nc4 35. Qh8 Kg6 36. g4 Qc7 37. Qe8+ Kh7 38.
Qe4+ Kg8 39. Kg3 Nd6 40. Qd5+ Nf7 41. Qa8+ Nd8 42. Qd5+ Nf7 43. Qc6 Qe7 44.
Kf3 Qd8 45. Qg6 Qf8 46. h4 Nd8 47. f5 1-0

[Event "FIDE Grand Swiss 2021"]
[Site "Riga"]
[Date "28.10.2021"]
[Round "2"]
[White "Zvjaginsev, Vadim"]
[Black "Jumabayev, Rinat"]
[Result "1-0"]
[WhiteElo "2609"]
[BlackElo "2658"]
[EventDate "2021"]

1. c4 e5 2. Nc3 Nf6 3. Nf3 Nc6 4. a3 g6 5. g3 d5 6. cxd5 Nxd5 7. Bg2 Nde7
8. O-O Bg7 9. d3 O-O 10. Rb1 a5 11. b4 axb4 12. axb4 b6 13. b5 Na5 14. Bb2
Bb7 15. Ne4 f6 16. Qc2 Nf5 17. Nfd2 c5 18. e3 Nd6 19. Bc3 Bxe4 20. Nxe4
Nxe4 21. Bxe4 Ra7 22. Ra1 f5 23. Bg2 Qd6 24. Rfb1 Rb8 25. Bxa5 bxa5 26. Ra4
Kh8 27. Bc6 Bf6 28. Rc1 Bd8 29. Qxc5 Qxc5 30. Rxc5 Re7 31. Bd5 Rc7 32. Bc6
Re7 33. Kf1 Bb6 34. Rcc4 Rd8 35. Ke2 Kg7 36. h4 Kf6 37. e4 Rc7 38. f4 fxe4
39. dxe4 h6 40. Bd5 Rdc8 41. Bc6 Rd8 42. Ra1 Rd6 43. Rf1 Rd4 44. Rxd4 Bxd4
45. fxe5+ Kxe5 46. h5 Rg7 47. Kd3 Bb6 48. Kc4 gxh5 49. Rf5+ Ke6 50. Rxh5
Be3 51. Bd5+ Kd7 52. Rf5 Rxg3 53. Rf6 a4 54. b6 a3 55. b7 Ba7 56. e5 Rg4+
57. Kb3 Rg5 58. Rf7+ Ke8 59. Rh7 Rxe5 60. Bc6+ Kf8 61. Rh8+ Kf7 62. Ra8
Re3+ 63. Kc2 1-0

[Event "FIDE Grand Swiss 2021"]
[Site "Riga"]
[Date "28.10.2021"]
[Round "2"]
[White "Sarana, Alexey"]
[Black "Ivic, Velimir"]
[Result "1-0"]
[WhiteElo "2649"]
[BlackElo "2606"]
[EventDate "2021"]

1. d4 d5 2. Nf3 Nf6 3. c4 c6 4. Nc3 dxc4 5. a4 Bf5 6. e3 e6 7. Bxc4 Bb4 8.
O-O O-O 9. Qe2 Bg6 10. Ne5 Nbd7 11. Nxg6 hxg6 12. Rd1 Qe7 13. e4 e5 14. d5
Nb6 15. dxc6 Nxc4 16. Qxc4 bxc6 17. f3 Bc5+ 18. Kh1 Rab8 19. Ne2 a5 20. Bd2
Qa7 21. Bc3 Rfe8 22. b3 Bb4 23. Bb2 Bf8 24. Nc1 Nd7 25. Bc3 Nc5 26. Nd3 Nd7
27. Be1 Re6 28. b4 axb4 29. Nxb4 Nb6 30. Qc2 c5 31. Nd5 Nxd5 32. exd5 Rd6
33. a5 Rbd8 34. Qc4 Qa8 35. a6 R8d7 36. Ra5 Ra7 37. Rxc5 Rdxa6 38. Rc8 Qb7
39. Qc5 Qe7 40. Qxe7 Rxe7 41. Bb4 1-0

[Event "FIDE Grand Swiss 2021"]
[Site "Riga"]
[Date "28.10.2021"]
[Round "2"]
[White "Chigaev, Maksim"]
[Black "Georgiev, Kiril"]
[Result "1-0"]
[WhiteElo "2639"]
[BlackElo "2577"]
[EventDate "2021"]

1. e4 e5 2. Nf3 Nc6 3. Bb5 Nf6 4. d3 Bc5 5. Bxc6 dxc6 6. O-O Nd7 7. c3 Bd6
8. d4 O-O 9. Bg5 Qe8 10. Re1 f6 11. Bh4 Nb6 12. Nbd2 Bg4 13. h3 Bh5 14. g4
Bf7 15. dxe5 fxe5 16. b3 a5 17. Qe2 Kh8 18. Kg2 a4 19. Bg3 Bg8 20. Nh4 Nd7
21. Nf5 Qe6 22. Nc4 Bc5 23. Rad1 b5 24. Nd2 axb3 25. axb3 Ra2 26. b4 Bd6
27. Ra1 Rfa8 28. Rxa2 Rxa2 29. Qe3 c5 30. Nf3 Ra3 31. Qg5 Qf6 32. Qxf6 gxf6
33. Rd1 Ra6 34. g5 Bb3 35. Rd2 cxb4 36. cxb4 Kg8 37. gxf6 Kf7 38. Nh6+ Kxf6
39. Ng4+ Ke6 40. Ngxe5 Bxe5 41. Bxe5 Nxe5 42. Nd4+ Kf6 43. Nxb3 Ra4 44. f4
Ng6 45. Nc5 Rxb4 46. Kf3 Rc4 47. Nd7+ Kg7 48. f5 Rc3+ 49. Kg4 h5+ 50. Kxh5
Rxh3+ 51. Kg4 Rh4+ 52. Kg5 Rxe4 53. Nf6 Ne5 54. Nxe4 Nf3+ 55. Kf4 Nxd2 56.
Nxd2 c5 57. Ne4 c4 58. f6+ Kf8 59. Kf5 b4 60. Ke6 c3 61. Nc5 1-0

[Event "FIDE Grand Swiss 2021"]
[Site "Riga"]
[Date "28.10.2021"]
[Round "2"]
[White "Abasov, Nijat"]
[Black "Meshkovs, Nikita"]
[Result "1-0"]
[WhiteElo "2638"]
[BlackElo "2550"]
[EventDate "2021"]

1. e4 c5 2. Nf3 Nc6 3. d4 cxd4 4. Nxd4 e6 5. Nc3 Qc7 6. Be3 a6 7. a3 b5 8.
Nxc6 dxc6 9. Qg4 Nf6 10. Qg3 Qxg3 11. hxg3 e5 12. f3 Nd7 13. g4 Nc5 14. Kf2
Ne6 15. g3 Bb7 16. Bd3 g5 17. a4 O-O-O 18. axb5 axb5 19. Ne2 f6 20. Nc1 Nc5
21. Be2 Ne6 22. c3 Bc5 23. Rh6 Rhf8 24. Nd3 Bxe3+ 25. Kxe3 Rf7 26. Nxe5
Rff8 27. Nd3 Rd7 28. Rah1 Rff7 29. b4 Rde7 30. Bd1 Kc7 31. Bb3 Bc8 32. Nc5
1-0

[Event "FIDE Grand Swiss 2021"]
[Site "Riga"]
[Date "28.10.2021"]
[Round "2"]
[White "Shevchenko, Kirill"]
[Black "Budisavljevic, Luka"]
[Result "1-0"]
[WhiteElo "2632"]
[BlackElo "2508"]
[EventDate "2021"]

1. e4 c5 2. Nf3 e6 3. Nc3 Nc6 4. Bb5 Nge7 5. O-O a6 6. Bxc6 Nxc6 7. d4 cxd4
8. Nxd4 Qc7 9. Nxc6 bxc6 10. Qh5 Be7 11. e5 O-O 12. Re1 f5 13. exf6 Rxf6
14. Qh4 d5 15. Bg5 Rh6 16. Bf4 Qa7 17. Qg3 Rg6 18. Qd3 Bb7 19. Bg3 Rf8 20.
Na4 c5 21. c4 d4 22. b3 Ba8 23. f3 Qb7 24. Re5 Qc6 25. Rae1 Rff6 26. Rh5
Bd6 27. Kf2 Kf7 28. Bxd6 Rxg2+ 29. Kxg2 Rxf3 30. Qe4 Qxe4 31. Rxe4 Bxe4 32.
Re5 Ba8 33. Kg1 d3 34. Re1 g5 35. Nxc5 e5 36. Nd7 Ke6 37. Nxe5 Kxd6 38.
Nxf3 Bxf3 39. Re3 Be2 40. Kf2 Kc5 41. Re5+ Kd4 42. Rxg5 Kc3 43. Ke3 Kc2 44.
Rd5 1-0

[Event "FIDE Grand Swiss 2021"]
[Site "Riga"]
[Date "28.10.2021"]
[Round "2"]
[White "Suleymanli, Aydin"]
[Black "Durarbayli, Vasif"]
[Result "0-1"]
[WhiteElo "2541"]
[BlackElo "2629"]
[EventDate "2021"]

1. Nf3 d5 2. e3 Nf6 3. c4 c6 4. b3 Bf5 5. Bb2 e6 6. Nc3 Nbd7 7. Nh4 Bg4 8.
Be2 Nc5 9. f3 Bh5 10. d4 Ncd7 11. g3 Bd6 12. e4 Qa5 13. O-O dxc4 14. bxc4
g5 15. Ng2 e5 16. f4 exd4 17. Nb5 cxb5 18. Bxh5 O-O-O 19. e5 Bc5 20. Bxf7
Rhf8 21. Bd5 bxc4 22. Bxc4 Ne4 23. Bd3 Nc3 24. Qc2 gxf4 25. gxf4 Kb8 26.
Kh1 Rde8 27. Rac1 Bb6 28. Bxc3 dxc3 29. Qxc3 Qxa2 30. Bc4 Qa5 31. Qb2 Bc5
32. e6 Ba3 33. Qa1 Nb6 34. Bb3 Rf5 35. Rc2 Be7 36. Ra2 Qb5 37. Rf3 Bf6 38.
Qd1 Qb4 39. Rd2 Ra5 40. Ra2 Rf5 41. Rd3 Rc5 42. Qd2 Qe4 43. Rc2 Rxc2 44.
Qxc2 Rc8 45. Rc3 Qb4 46. Rxc8+ Nxc8 47. h3 a5 48. Kh2 Nd6 49. Qd3 h5 50.
Bc2 h4 51. Kh1 Bd8 52. f5 Bg5 53. Qd5 Bf6 54. Qd1 Qc5 55. Nf4 Nxf5 56. Nd5
Ne3 57. Nxe3 Qxe3 58. Bf5 Ka7 59. Qd5 Qc3 60. Be4 Qxh3+ 61. Kg1 Qg3+ 62.
Kf1 Qc7 63. Ke2 Be7 64. Bg2 Ka6 65. Be4 Ka7 66. Qb5 Qb6 67. Qd7 Qb4 68. Bf3
Qb2+ 69. Kd3 Qb1+ 70. Ke2 Qb2+ 71. Kd3 Qb4 72. Ke2 h3 73. Bd5 h2 0-1

[Event "FIDE Grand Swiss 2021"]
[Site "Riga"]
[Date "28.10.2021"]
[Round "2"]
[White "Rakotomaharo, Fy Antenaina"]
[Black "Pichot, Alan"]
[Result "0-1"]
[WhiteElo "2484"]
[BlackElo "2628"]
[EventDate "2021"]

1. e4 e5 2. Nf3 Nc6 3. Bc4 Bc5 4. c3 Nf6 5. d3 d6 6. O-O O-O 7. Re1 h6 8.
h3 a5 9. Nbd2 a4 10. Nf1 Ra5 11. a3 Bb6 12. Be3 Bxe3 13. Nxe3 Ne7 14. Ba2
Ng6 15. d4 Qe8 16. Qc2 Be6 17. Bxe6 Qxe6 18. dxe5 Nxe5 19. Nd4 Qd7 20. c4
Re8 21. Nd5 Qd8 22. b4 axb3 23. Qxb3 Rc5 24. Nf5 c6 25. Nxf6+ Qxf6 26. Rad1
Nxc4 27. Qxb7 d5 28. Qd7 Re5 29. f4 Re6 30. Nd4 Nb6 31. Qa7 Rxe4 32. Rxe4
dxe4 33. Qxb6 Rd5 34. Rd2 e3 35. Rd3 Qxf4 36. Qxc6 Qe4 37. Rd1 e2 38. Re1
Qxd4+ 39. Kh1 Qe4 40. a4 f5 41. Qb6 Kh7 0-1

[Event "FIDE Grand Swiss 2021"]
[Site "Riga"]
[Date "29.10.2021"]
[Round "3"]
[White "Firouzja, Alireza"]
[Black "Predke, Alexandr"]
[Result "1-0"]
[WhiteElo "2770"]
[BlackElo "2666"]
[EventDate "2021"]

1. e4 e5 2. Nf3 Nc6 3. Bb5 a6 4. Ba4 Nf6 5. O-O Be7 6. Re1 b5 7. Bb3 d6 8.
c3 O-O 9. h3 Re8 10. d4 Bb7 11. Nbd2 Bf8 12. a3 h6 13. Bc2 Nb8 14. b3 Nbd7
15. Bb2 Rb8 16. Rb1 g6 17. Bd3 c6 18. Qc2 Nh5 19. Bf1 Ng7 20. dxe5 dxe5 21.
c4 Rc8 22. Rbd1 Qe7 23. c5 Nxc5 24. Nxe5 Nd7 25. Ndc4 Nxe5 26. Nxe5 Red8
27. Qc3 h5 28. Rxd8 Qxd8 29. Re3 Rc7 30. Rd3 Qe7 31. Qd2 Bc8 32. f4 c5 33.
Rf3 Ne6 34. a4 Nd4 35. Bxd4 cxd4 36. axb5 axb5 37. Bxb5 Qb4 38. Qxb4 Bxb4
39. Bc4 Kg7 40. Rf2 Ra7 41. Nc6 Ra1+ 42. Rf1 Rxf1+ 43. Kxf1 Bd2 44. Ke2
Bxf4 45. Kd3 Bd7 46. Nxd4 g5 47. Kc3 Be5 48. Be2 g4 49. hxg4 hxg4 50. Kc4
Kf6 51. Kd5 Bc8 52. b4 Bb7+ 53. Nc6 g3 54. b5 Bc7 55. Kc5 Kg5 56. e5 Kf4
57. Bf3 Ke3 58. b6 Bb8 59. Nxb8 Bxf3 60. Nc6 Bxg2 61. b7 Be4 62. b8=Q g2
63. Qb2 1-0

[Event "FIDE Grand Swiss 2021"]
[Site "Riga"]
[Date "29.10.2021"]
[Round "3"]
[White "Caruana, Fabiano"]
[Black "Saric, Ivan"]
[Result "1/2-1/2"]
[WhiteElo "2800"]
[BlackElo "2644"]
[EventDate "2021"]

1. e4 c5 2. Nf3 e6 3. d4 cxd4 4. Nxd4 Nf6 5. Nc3 Nc6 6. Nxc6 bxc6 7. e5 Nd5
8. Ne4 Bb7 9. Bd3 Qc7 10. f4 Nb4 11. O-O c5 12. Qe2 Qc6 13. b3 Be7 14. f5
Nxd3 15. cxd3 Qd5 16. f6 gxf6 17. exf6 Bf8 18. Bf4 d6 19. Rac1 e5 20. Bg3
h5 21. h4 Rg8 22. Kh2 O-O-O 23. b4 Kb8 24. bxc5 dxc5 25. Rc3 Ka8 26. Rf5
Qd4 27. Rxh5 c4 28. Rxc4 Qxd3 29. Qxd3 Rxd3 30. Rg5 Rxg5 31. hxg5 Rd4 32.
Rc7 Bxe4 33. Rc8+ Kb7 34. Rxf8 Bg6 35. Rg8 Rd5 36. Bf2 e4 37. Be3 Kc6 38.
a4 Kd7 39. Rb8 Ra5 40. Rb4 Kc6 41. Kg3 Kd6 42. Kf2 Rf5+ 43. Ke1 a5 44. Rb8
Rd5 45. Ra8 Kc6 46. g4 Kb7 47. Rg8 Kc6 48. Kf2 Kd7 49. Ra8 Kc6 50. Ra7 Kd6
51. Ke1 Kc6 52. Ke2 Kd6 53. Bd2 Kc6 54. Be3 Kd6 55. Kf2 Kc6 56. Kg3 Rd3 57.
Kf4 Rd5 58. Ra8 Kc7 59. Rg8 Kd6 60. Rc8 Kd7 61. Rc4 Kd6 62. Rc8 Kd7 63. Ra8
Kc7 64. Kg3 Kc6 65. Kf2 Kb7 66. Rg8 Kc6 67. Ke2 Kd7 68. Ra8 Kc6 69. Bd2 Kb7
70. Re8 Kc6 71. Be3 Kd7 72. Re7+ Kc6 73. Ra7 1/2-1/2

[Event "FIDE Grand Swiss 2021"]
[Site "Riga"]
[Date "29.10.2021"]
[Round "3"]
[White "Demchenko, Anton"]
[Black "Aronian, Levon"]
[Result "1/2-1/2"]
[WhiteElo "2651"]
[BlackElo "2782"]
[EventDate "2021"]

1. e4 e5 2. Nf3 Nf6 3. Nc3 Nc6 4. d4 exd4 5. Nxd4 Bb4 6. Nxc6 bxc6 7. Bd3
O-O 8. O-O d5 9. exd5 cxd5 10. h3 Be6 11. Qf3 Rb8 12. Rd1 c6 13. Bf4 Bd6
14. b3 a5 15. Na4 Rb4 16. c4 Re8 17. Rac1 h6 18. Bf1 Bf8 19. Nc3 Bd6 20.
Bxd6 Qxd6 21. Qd3 Qe7 22. cxd5 Nxd5 23. Qa6 Nxc3 24. Rxc3 a4 25. bxa4 Rb2
26. Qxc6 Rxa2 27. Re3 Qf8 28. Bb5 Rc8 29. Qb6 Kh8 30. Red3 Qc5 31. a5 Kh7
32. Rd6 g6 33. Bd7 Bxd7 34. Rxd7 Qf5 35. Qa7 Kg7 36. Qd4+ Kh7 37. Rd5 Qe6
38. Rd6 Rc4 39. Rxe6 Rxd4 40. Rxd4 fxe6 41. Rd7+ Kg8 42. Ra7 h5 43. h4 Ra1+
44. Kh2 Ra4 45. g3 e5 46. Kg2 e4 47. Kf1 Ra2 48. a6 Kf8 49. Ke1 Ke8 50. Kd1
Kd8 51. Kc1 Kc8 52. Re7 Rxa6 53. Kd2 Rf6 54. Ke2 Kd8 55. Rxe4 Kd7 56. Ke3
Rf5 57. g4 hxg4 58. Rxg4 Rh5 59. Re4 Kd6 60. f3 g5 61. hxg5 Rxg5 62. Kf4
Rg8 63. Kf5 Rf8+ 64. Kg4 Kd5 65. Re7 Rg8+ 66. Kf4 Rf8+ 67. Ke3 Kd6 68. Re4
Rf6 69. Re8 Kd7 70. Re5 Kd6 71. Re4 Rf7 72. Re8 Re7+ 73. Rxe7 Kxe7 74. Kf4
Kf6 1/2-1/2

[Event "FIDE Grand Swiss 2021"]
[Site "Riga"]
[Date "29.10.2021"]
[Round "3"]
[White "Donchenko, Alexander"]
[Black "Vachier-Lagrave, Maxime"]
[Result "1/2-1/2"]
[WhiteElo "2648"]
[BlackElo "2763"]
[EventDate "2021"]

1. d4 Nf6 2. c4 g6 3. Nf3 Bg7 4. e3 O-O 5. Be2 c5 6. dxc5 Ne4 7. Nd4 Nc6 8.
O-O Nxc5 9. Nc3 d6 10. b3 Ne6 11. Nxe6 Bxe6 12. Bb2 Qa5 13. Qc1 Rfd8 14.
Rd1 d5 15. cxd5 Bxd5 16. Nxd5 Rxd5 17. Rxd5 Qxd5 18. Bf3 Qa5 19. Bxg7 Kxg7
20. Bxc6 bxc6 21. Qxc6 Rd8 22. g3 Rd2 23. a3 Qe5 24. Rc1 Ra2 25. Qc3 Qxc3
26. Rxc3 Rxa3 27. Rc7 e6 28. b4 a5 29. bxa5 Rxa5 30. Kg2 h5 31. h4 1/2-1/2

[Event "FIDE Grand Swiss 2021"]
[Site "Riga"]
[Date "29.10.2021"]
[Round "3"]
[White "Tari, Aryan"]
[Black "Fedoseev, Vladimir"]
[Result "1/2-1/2"]
[WhiteElo "2646"]
[BlackElo "2704"]
[EventDate "2021"]

1. e4 c6 2. d4 d5 3. e5 c5 4. dxc5 e6 5. a3 Bxc5 6. Nf3 Nc6 7. b4 Bb6 8.
Bb2 Nge7 9. Bd3 Ng6 10. b5 Na5 11. h4 Qc7 12. h5 Nf4 13. Bf1 Nc4 14. Bd4
Ba5+ 15. c3 f6 16. g3 fxe5 17. Nxe5 Nxe5 18. gxf4 Nf7 19. h6 Qxf4 20. hxg7
Rg8 21. Be2 Bd7 22. Rh3 e5 23. Be3 Qf6 24. Rf3 Qe6 25. Qa4 Bb6 26. Rg3 Bxe3
27. fxe3 Qh6 28. Nd2 Nd6 29. O-O-O Qh2 30. Rg5 Rc8 31. Qb4 Qxe2 32. Rxe5+
Kd8 33. Qxd6 Rxc3+ 34. Kb2 Qd3 35. Nb1 Qc2+ 36. Ka1 Qxd1 37. Re7 Qg4 38.
Qf6 Rc4 39. b6 Qg6 40. Qf8+ Be8 41. bxa7 Ra4 42. Rxb7 Qxg7+ 43. Qxg7 Rxg7
44. Rxg7 Bd7 45. Rg8+ Be8 46. Rg7 Bd7 47. Nc3 Rxa3+ 48. Kb2 Rxa7 49. Nxd5
Rb7+ 50. Kc3 Bc6 51. Rxb7 1/2-1/2

[Event "FIDE Grand Swiss 2021"]
[Site "Riga"]
[Date "29.10.2021"]
[Round "3"]
[White "Yu, Yangyi"]
[Black "Bluebaum, Matthias"]
[Result "1-0"]
[WhiteElo "2704"]
[BlackElo "2640"]
[EventDate "2021"]

1. c4 e6 2. g3 d5 3. Bg2 Nf6 4. Nf3 dxc4 5. Qa4+ Nbd7 6. Qxc4 a6 7. Qc2 c5
8. Nc3 Qc7 9. d4 b6 10. Bf4 Bd6 11. Bxd6 Qxd6 12. Ne4 Nxe4 13. Qxe4 Ra7 14.
O-O Bb7 15. dxc5 Qxc5 16. Qf4 O-O 17. Rfc1 Qb5 18. Rc7 Qxb2 19. Qc1 Qxc1+
20. Raxc1 Nc5 21. Ne5 Bxg2 22. Rxa7 Bd5 23. a3 a5 24. f3 h5 25. Rd1 a4 26.
e4 Bb3 27. Rd6 f6 28. Ng6 Rb8 29. Nf4 e5 30. Nd5 Bxd5 31. exd5 Kh8 32. Rc6
Rd8 33. d6 1-0

[Event "FIDE Grand Swiss 2021"]
[Site "Riga"]
[Date "29.10.2021"]
[Round "3"]
[White "Sasikiran, Krishnan"]
[Black "Maghsoodloo, Parham"]
[Result "1/2-1/2"]
[WhiteElo "2640"]
[BlackElo "2701"]
[EventDate "2021"]

1. e4 e5 2. Nf3 Nc6 3. Bb5 a6 4. Ba4 Nf6 5. O-O Be7 6. Re1 b5 7. Bb3 d6 8.
c3 O-O 9. h3 Bb7 10. d4 Re8 11. Nbd2 Bf8 12. a3 h6 13. Bc2 d5 14. dxe5 Nxe5
15. Nxe5 Rxe5 16. Nf3 Re8 17. e5 Ne4 18. Bf4 c5 19. Qe2 f5 20. h4 Be7 21.
h5 Qb6 22. a4 Rad8 23. axb5 axb5 24. Red1 b4 25. cxb4 Qxb4 26. Bd2 Nxd2 27.
Rxd2 Bc8 28. Ba4 Rf8 29. Bb5 Qe4 30. Qd1 Qb4 31. Qe2 Qe4 32. Qd1 Qb4 33.
Qe2 Qe4 1/2-1/2

[Event "FIDE Grand Swiss 2021"]
[Site "Riga"]
[Date "29.10.2021"]
[Round "3"]
[White "Gukesh, D"]
[Black "Artemiev, Vladislav"]
[Result "1/2-1/2"]
[WhiteElo "2640"]
[BlackElo "2699"]
[EventDate "2021"]

1. d4 d5 2. c4 dxc4 3. e3 Nf6 4. Bxc4 e6 5. Nf3 c5 6. O-O a6 7. b3 cxd4 8.
Nxd4 Be7 9. Bb2 O-O 10. Be2 b5 11. Nd2 Bb7 12. a4 Nc6 13. Bf3 Nd5 14. axb5
Nxd4 15. Bxd4 axb5 16. Ne4 Nb4 17. Qe2 Bd5 18. Qxb5 Rb8 19. Qe2 Nc6 20. Bc3
Rxb3 21. Rfc1 h6 22. Nd2 Rxc3 23. Rxc3 Bf6 24. Rca3 Bxa1 25. Rxa1 Ne5 26.
Bxd5 Qxd5 27. Nf3 Nxf3+ 28. Qxf3 Qxf3 29. gxf3 g5 30. Ra4 Kg7 1/2-1/2

[Event "FIDE Grand Swiss 2021"]
[Site "Riga"]
[Date "29.10.2021"]
[Round "3"]
[White "Wojtaszek, Radoslaw"]
[Black "Dreev, Aleksey"]
[Result "1/2-1/2"]
[WhiteElo "2691"]
[BlackElo "2635"]
[EventDate "2021"]

1. d4 Nf6 2. c4 e6 3. g3 d5 4. Bg2 dxc4 5. Nf3 Bb4+ 6. Bd2 a5 7. a3 Bxd2+
8. Nbxd2 b5 9. b3 cxb3 10. Qxb3 Ba6 11. O-O O-O 12. Rfc1 Nbd7 13. Qb2 Nd5
14. Nb3 Bb7 15. Nc5 Nxc5 16. Rxc5 c6 17. Ne5 Qd6 18. Rac1 Rfc8 19. e3 Rc7
20. Qc2 Rac8 21. Qd2 Ra8 22. Qc2 Rac8 23. Be4 h6 24. Qd2 Ra8 25. h4 Nf6 26.
Bb1 Qe7 27. Qd3 h5 28. a4 bxa4 29. Qd1 a3 30. Qa4 g6 31. Qxa3 Nd7 32. Nxd7
Rxd7 33. Be4 a4 34. R1c3 Rdd8 35. f4 Ra7 36. R3c4 Rda8 37. Bc2 Ba6 38. Rxa4
Bb5 39. Rxa7 Qxa7 40. Qxa7 1/2-1/2

[Event "FIDE Grand Swiss 2021"]
[Site "Riga"]
[Date "29.10.2021"]
[Round "3"]
[White "Ponomariov, Ruslan"]
[Black "Korobov, Anton"]
[Result "1/2-1/2"]
[WhiteElo "2631"]
[BlackElo "2690"]
[EventDate "2021"]

1. e4 c5 2. Nf3 d6 3. Bb5+ Nd7 4. O-O Nf6 5. Re1 a6 6. Bf1 e5 7. c3 Be7 8.
d4 O-O 9. d5 b5 10. a4 Rb8 11. b3 c4 12. axb5 cxb3 13. c4 Nc5 14. Nbd2 Qb6
15. Ba3 Ng4 16. Qe2 axb5 17. cxb5 Bd7 18. h3 Nf6 19. Qe3 Rfc8 20. Bxc5 Qxc5
21. Qxc5 Rxc5 22. Nxb3 Rcc8 23. Na5 Bxb5 24. Bxb5 Rxb5 25. Nc6 Rb7 26. Reb1
Rxb1+ 27. Rxb1 Bf8 28. Nd2 Ra8 29. f3 Nd7 30. Nc4 Nc5 31. Rb8 Rxb8 32. Nxb8
g6 33. g4 f5 34. gxf5 gxf5 35. exf5 Kf7 36. Kf2 1/2-1/2

[Event "FIDE Grand Swiss 2021"]
[Site "Riga"]
[Date "29.10.2021"]
[Round "3"]
[White "Kryvoruchko, Yuriy"]
[Black "Keymer, Vincent"]
[Result "1/2-1/2"]
[WhiteElo "2686"]
[BlackElo "2630"]
[EventDate "2021"]

1. e4 c6 2. Nf3 d5 3. d3 dxe4 4. dxe4 Qxd1+ 5. Kxd1 Nd7 6. Nbd2 Nc5 7. Ne5
Nf6 8. f3 Nfd7 9. Nec4 e5 10. Nb3 f6 11. c3 Kd8 12. Kc2 Kc7 13. Nxc5 Nxc5
14. b4 Na4 15. Be2 Be6 16. a3 Be7 17. Be3 Rhd8 18. Rhd1 a6 19. Rxd8 Rxd8
20. Nb2 Nxb2 21. Kxb2 c5 22. Rd1 Rxd1 23. Bxd1 Bc4 24. bxc5 Kc6 25. Ba4+
Bb5 26. Bb3 Bxc5 27. c4 Bxe3 28. cxb5+ Kxb5 29. h4 Kc5 30. h5 Kd4 31. Bg8
h6 32. Be6 b5 33. Kb3 Bd2 34. a4 Ke3 35. axb5 axb5 36. Bf5 Kf4 37. g4 Kxf3
38. Kc2 Be1 39. Kb3 Ke3 40. Bg6 b4 41. Bf5 1/2-1/2